[Event "VAM Hoogeveen 3rd"]
[Site "Hoogeveen"]
[Date "1999.10.18"]
[Round "2"]
[White "Karpov, Anatoly"]
[Black "Polgar, Judit"]
[Result "1/2-1/2"]
[WhiteElo "2700"]
[BlackElo "2671"]
[Annotator "Golod,V"]
[PlyCount "77"]
[EventDate "1999.10.15"]
[EventType "tourn"]
[EventRounds "6"]
[EventCountry "NED"]
[EventCategory "15"]
[Source "ChessBase"]
[SourceDate "2000.02.01"]

1. d4 Nf6 2. c4 e6 3. Nc3 Bb4 4. Qc2 O-O 5. a3 Bxc3+ 6. Qxc3 b6 7. Bg5 Ba6 $5 (
{Other lines are:} 7... c5) ({and} 7... Bb7) 8. e3 d6 9. b4 {Besides,white has
several options:} (9. Nf3 $5 {See comments to Ivanchuk,V-Adams,M/ Linares,1999/
CBM 70(0-1)(Golod,V)(40)}) (9. f3) (9. Qc2) (9. Bd3 $5 {Is the main line.See
comments to          Jelen,I-Gyimesi,Z/Baden,1999/CBM 71 (1/2-1/2)(Golod,V)(25)
}) 9... Nbd7 10. f3 $5 $146 {[%csl Re4][%cal Yf3e4]} (10. Bd3 $5 {Is the first
game in this variation (9.b4)} c5 11. dxc5 bxc5 12. b5 Bb7 13. f3 d5 14. Ne2
Qb6 15. O-O dxc4 16. Bxc4 Nd5 17. Qb3 $13 {Johansen,T-Gausel,E/Oslo,1998(0-1)
(43)}) 10... Re8 ({Also possibly:} 10... c5) ({Dubious:} 10... Ne4 {in view of:
} 11. Bxd8 Nxc3 $140 12. Bh4 $1 {[%csl Rc3] and because of bad knight(c3)
white has a big advantage.} (12. Bxc7 $143 Rfc8 13. Bxd6 Bxc4 14. Bxc4 Rxc4 $44
)) 11. Nh3 {[%csl Yh3][%cal Yh3g5]} (11. Bd3 $6 e5 {[%cal Ge5e4]} 12. d5 $140
$2 e4 $15) 11... h6 12. Bh4 Rc8 {with the idea c5;d5 or Ne4} ({Again dubious:} 
12... Ne4 13. Bxd8 Nxc3 14. Bxc7 (14. Bh4 $5 {[%csl Rc3]}) 14... Rac8 15. Bxd6
Bxc4 16. Bxc4 Rxc4 17. Kd2 $16) 13. Bf2 d5 $5 {[%csl Ga6,Gd5]} ({Another
alternative is:} 13... c5 $5 14. dxc5 bxc5 (14... dxc5 $143 15. e4 {+/=/=}) 15.
b5 Bb7 16. Rd1 (16. Be2 d5 17. O-O e5 18. cxd5 Nxd5 19. Qc2 e4 $13) 16... d5
17. Be2 e5 18. cxd5 Nxd5 19. Qd2 $13) 14. b5 ({Worse is:} 14. c5 Bxf1 15. Kxf1
bxc5 16. bxc5 (16. dxc5 $143 e5 $15) 16... e5 {[%csl Rf1] =/=/+}) 14... Bb7 15.
cxd5 ({Badly:} 15. c5 {because of:} c6 {[%csl Rc3,Gc8]}) 15... Nxd5 $1 {
Differently after:} (15... exd5 16. Bd3 c5 17. bxc6 Rxc6 18. Qb2 {white has a
positional advantage.}) 16. Qb2 $140 e5 {[%csl Re1]} 17. e4 ({Much worse is:} 
17. dxe5 Nxe5 18. Rd1 Qe7 $36) 17... exd4 18. Bxd4 {[%csl Rg7]} Nc5 $1 {Is the
best practical chance.} ({After:} 18... N5f6 19. Be2 {white has a big
positional advantage.}) 19. Bxc5 {This move better than:} (19. Bxg7 $6 Nxe4 20.
fxe4 Qh4+ $44 {[%csl Re1]}) ({and} 19. O-O-O $2 {because of:} Na4 $1 20. Qb3
$140 {[%csl Ra4,Rd5]} c6 {[%csl Rc1,Gc8]} 21. exd5 (21. Qxa4 $4 cxb5+ {[%csl
Ra4,Rc1,Gc8]}) 21... cxb5+ 22. Kb1 Bxd5 $17 23. Qxb5 $140 Bxf3 $1 24. gxf3 (24.
Qxa4 Bxd1 25. Qxd1 Re4 26. Ba6 Rxd4 27. Qxd4 Qxd4 28. Bxc8 Qe4+ $19 {[%csl Rb1,
Rg2]}) 24... Nc3+ 25. Bxc3 Qxd1+ 26. Kb2 (26. Ka2 Qxf3 $19 {[%csl Rc3,Rh1]})
26... Re1 $1 {[%cal Gd1b1]} 27. Bxe1 (27. Qd3 Qxd3 28. Bxd3 Rxh1) 27... Qc2+
28. Ka1 Qc1+ 29. Ka2 (29. Qb1 Qxa3+ 30. Qa2 Rc1#) 29... Rc2+ 30. Kb3 Rb2+ 31.
Ka4 Qc2+ 32. Qb3 Qxb3#) 19... bxc5 20. O-O-O {[%csl Gd1,Rd5,Rd8]} c6 $8 21.
bxc6 {Besides this move can be recommended:} (21. Bc4 {(right away)}) ({or
after:} 21. exd5 cxd5 22. Bc4) 21... Bxc6 22. exd5 ({Dubious:} 22. Bc4 {in
view of:} Rb8 23. Qa1 (23. Bxd5 $6 Rxb2 24. Bxf7+ (24. Bxc6 $4 Qf6 $19 {[%csl
Rc1][%cal Gf6c3]}) 24... Kxf7 25. Rxd8 Rxd8 26. Kxb2 Rd2+ 27. Kc3 Rxg2 {=/=/+})
(23. Qc2 $2 Qa5 {[%csl Rc1][%cal Ga5a3]}) 23... Qf6 24. Qxf6 Nxf6 25. Rd6 Bb5
$11) 22... Qa5 {with the idea 23...Rb8 weakness(Kc1;Pa3)} 23. dxc6 {Is the
obligatory move.} (23. Nf4 $2 Rb8 24. Qa1 Rb3 $1 {[%csl Rc1][%cal Gb3c3,Gb3a3]
with strong attack.}) (23. Nf2 $144 Rb8 24. Qa1 Rb3 $1 $17) 23... Rb8 24. c7 $6
({In my opinion better is:} 24. Qa1 Rb3 $8 ({Loses:} 24... Re3 $2 {[%cal Ge3c3]
} 25. Bd3 c4 (25... Rb3 $143 26. Bc2 Rxa3 27. Qb1 $18 {[%csl Rg8]} Ra1 $140 28.
Rd8+ Qxd8 29. Qxa1) 26. c7 Qxc7 27. Bc2 Qc5 28. Rhe1 Rxa3 29. Qe5 $18 {[%csl
Rg8]}) 25. Bd3 Rxa3 26. Qb2 Ra2 $1 {[%csl Rc1]} (26... c4 $2 27. Rhe1 $1 {
[%csl Gb2,Rg8]} Ra1+ 28. Bb1 Rxb1+ (28... Qxe1 $2 29. Rxe1 Rxe1+ 30. Kd2 c3+ (
30... Raxb1 31. Qxb1 $1 Rxb1 32. c7 c3+ 33. Kc2 Rb2+ 34. Kxc3 $18) 31. Qxc3
Raxb1 32. Qc2 $18) 29. Kxb1 (29. Qxb1 $4 Qc3+ 30. Qc2 Qa1+ 31. Qb1 Qc3+ $11)
29... Rxe1 30. Rxe1 Qxe1+ 31. Qc1 Qb4+ 32. Kc2 Qa4+ 33. Kc3 Qxc6 34. Qf4 $16 {
[%csl Rc4] _|_}) 27. Rhe1 {[%csl Rg8]} Rc8 $1 {[%csl Rc1]} 28. Qb3 Ra3 29. Qb2
Ra2 $11) 24... Rxb2 25. Kxb2 Qb6+ $5 ({Slightly worse is:} 25... Qxc7 26. Bc4
Qe5+ 27. Kc2 Rb8 28. Rb1 Rxb1 29. Rxb1 Qxh2 30. Bf1 $11) 26. Ka2 Qe6+ 27. Kb2
c4 $5 {[%csl Rb2]} ({After:} 27... Qb6+ 28. Ka2 Qe6+ {equality}) 28. Rd8 Qb6+
29. Kc3 ({Loses right away:} 29. Ka1 $2 Rxd8 30. cxd8=Q+ Qxd8 $19 {[%csl Ra1,
Rc4,Yd8]}) ({Also good enough for equality:} 29. Kc2 Qb3+ 30. Kd2 c3+ (30...
Qb2+ 31. Kd1 $11) 31. Kd3 c2+ 32. Kd2 c1=Q+ 33. Kxc1 Qxa3+ 34. Kc2 Qa2+ {and
see game after:35...Qa2+}) 29... Qb3+ 30. Kd4 $11 (30. Kd2 {transfer to 29.Kc2}
) 30... Qb6+ ({Senselessly:} 30... Qd1+ 31. Kc5 Rxd8 32. cxd8=Q+ Qxd8 33. Kxc4)
31. Kc3 (31. Kd5 $144 Qe6+ 32. Kc5 Qb6+ $11) 31... Qa5+ 32. Kc2 Qa4+ 33. Kd2 (
33. Kc3 Qb3+ {and see game after:29...Qb3+}) 33... c3+ ({Also draw after:} 
33... Qa5+) 34. Kxc3 Qxa3+ {[%csl Ga3,Rc3,Rc7]} 35. Kc2 Qa2+ 36. Kc1 (36. Kc3
$2 Qa5+ 37. Kc2 Rxd8 38. cxd8=Q+ Qxd8 $15) 36... Qa3+ 37. Kc2 Qa4+ 38. Kc1 (38.
Kb2 $144 Qb4+ 39. Kc2 (39. Ka2 $2 Qa5+ {[%csl Rd8]}) 39... Qa4+ $11) 38... Qa1+
39. Kc2 1/2-1/2

[Event "Bastia m"]
[Site "Bastia"]
[Date "1999.11.04"]
[Round "2"]
[White "Polgar, Judit"]
[Black "Bacrot, Etienne"]
[Result "0-1"]
[WhiteElo "2671"]
[BlackElo "2592"]
[Annotator "Wedberg"]
[PlyCount "149"]
[EventDate "1999.11.04"]
[EventType "match (rapid)"]
[EventRounds "4"]
[EventCountry "FRA"]
[Source "ChessBase"]
[SourceDate "2000.02.01"]

1. e4 {Hecht} e5 2. Nf3 Nc6 3. Bb5 a6 4. Ba4 Nf6 5. O-O b5 6. Bb3 Bc5 7. c3 d6
8. d4 Bb6 9. Be3 O-O 10. Nbd2 Bb7 11. Re1 Re8 12. d5 Ne7 13. Bxb6 cxb6 14. Bc2
Qd7 $146 (14... Nd7 15. Nf1 Rf8 16. Ne3 Rc8 17. Rc1 Rc7 18. h4 h6 19. g3 Qa8
20. Qd2 $14 {1-0 Konguveel,P-Gokhale,C/Kasaragod 1996/EXT 98 (36)}) (14... Ng6
15. g3 Nd7 16. Bd3 Qf6 17. b4 Rec8 18. Rc1 Rc7 19. Qb3 Rac8 20. Rc2 Ngf8 21.
Rec1 g6 22. Bf1 Kg7 23. h4 Qe7 24. a4 bxa4 25. Qxa4 $14 {1-0 Horvath,J-Kofidis,
A/Groningen 1983/EXT 2000 (53)}) 15. Bd3 Rec8 16. Rc1 Rc7 17. b4 g6 18. Qe2
Rac8 19. c4 Nexd5 $5 {An interesting decision. Bacrot gives a piece to get a
massive P centre. In rapid chess that's the way to win games.} 20. exd5 Nxd5
21. Be4 f5 22. Bxd5+ Bxd5 23. Qd3 Be6 24. Ng5 (24. Qe3 $142 bxc4 25. Qxb6 $16)
24... bxc4 25. Qh3 $2 (25. Qa3 $142) 25... Qe7 $44 26. Nxe6 Qxe6 27. Qc3 b5 28.
f4 e4 29. Nf3 Qf7 30. Nd4 d5 31. Rcd1 Re8 32. Kf2 Qg7 33. h4 Rce7 34. Re3 Rd7 {
This looks very drawish, but Judit Polgar will not settle for just half a
point.} 35. h5 $6 Qh6 $1 {It turns out that the counterplay is much more
dangerous than the play.} 36. Ne2 Qxh5 37. Qf6 Qh6 38. Qc6 Red8 39. Qe6+ Kh8
40. Rh3 Qg7 41. Nd4 Rd6 42. Qe5 Qxe5 43. fxe5 Rb6 {Now the P:s are hard to
stop.} 44. Ke3 Kg7 45. Ne2 Re6 $1 46. Nd4 Rxe5 47. Nc6 d4+ 48. Kf4 Red5 49.
Nxd8 Rxd8 $19 {Hecht: '[#]  Eine romantische Position. Was haben wir in der
Schule gelernt? Ein Turm ist etwa fünf Bauern wert. Genau diese Situation
haben wir vor uns. Man beachte, dass Schwarz noch alle acht Bauern besitzt.
Übrigens gibt Fritz6 sofort "Gewinn für Schwarz" an. Seine Analyse entspricht
der Partiefortsetzung.'} 50. Ra3 (50. Rdh1 {Hecht} h5) 50... d3 51. Rxa6 c3 52.
Rc6 c2 {A remarkable P-chain. But it's much too late for White to try
attacking the base...} 53. Rc7+ Kf6 54. Rc6+ Kf7 55. Rc7+ Kf6 56. Rc6+ Kf7 57.
Rc7+ Ke6 58. Rh1 d2 59. Rxc2 d1=Q 60. Rxd1 Rxd1 61. Rc6+ Rd6 62. Rc5 Rd2 63.
Rxb5 Rxg2 {Hecht: '[#]  Es beginnt ein ungleiches Freibauernrennen.'} 64. a4
g5+ 65. Ke3 Rg3+ 66. Kd4 Rd3+ 67. Kc4 Ra3 68. a5 g4 69. Rb8 g3 70. Rg8 Ke5 71.
Kb5 f4 72. a6 e3 73. Kb6 Ke4 74. a7 e2 75. b5 0-1

[Event "EU-chT (Men) 12th"]
[Site "Batumi"]
[Date "1999.11.30"]
[Round "2.2"]
[White "Kacheishvili, Giorgi"]
[Black "Polgar, Judit"]
[Result "0-1"]
[WhiteElo "2577"]
[BlackElo "2671"]
[Annotator "Golod,V"]
[PlyCount "66"]
[EventDate "1999.11.06"]
[EventType "team-swiss"]
[EventRounds "9"]
[EventCountry "GEO"]
[Source "ChessBase"]
[SourceDate "2000.02.01"]
[WhiteTeam "Georgia"]
[BlackTeam "Hungary"]
[WhiteTeamCountry "GEO"]
[BlackTeamCountry "HUN"]

1. d4 Nf6 2. c4 e6 3. Nc3 Bb4 4. Qc2 O-O 5. a3 Bxc3+ 6. Qxc3 b6 7. Bg5 Bb7 8.
e3 d6 9. Ne2 {White's plan is: Qc2,Ne4(control over point e4).Besides,white
has two principales moves:} (9. f3 $5 {See comments to Kasparov,G-Karpov,A/
Frankfurt,1999/CBM 72(1-0)(Golod,V)(43)}) ({and} 9. Nf3 $5 {See comments to
Dreev,A-Razuvaev,Y/St. Petersburg,1998/CBM 67(1-0) (Golod,V)(40)}) 9... Nbd7 {
/\c5(><d4) and so on.} 10. Qc2 {[%csl Re4][%cal Ge2c3]} h6 $5 $146 ({Good
enough:} 10... c5 {(was checked in the previous games).} 11. Nc3 cxd4 12. exd4
Qc7 13. Bd3 Rac8 (13... h6 $5 14. Bh4 Rfc8 15. O-O d5 16. Bg3 Qc6 17. cxd5 Nxd5
18. Be4 N7f6 19. Nxd5 Qxc2 20. Nxf6+ gxf6 21. Bxc2 Rxc2 22. b4 Rd8 $15 {1/2-1/
2 Sokolov,I-Timman,J/Amsterdam,1996 (22)}) 14. O-O Ba6 15. Qa4 (15. Rfc1 $5
Bxc4 $140 16. Nd1 $11) 15... Bxc4 16. Nb5 Bxb5 17. Bxb5 $44 {Ivanchuk,
V-Topalov,V/Linares,1999(1/2-1/2) (60)}) 11. Bh4 $140 c5 {Just so!} ({After:} 
11... e5 $2 12. d5 {white has a big positional advantage.}) 12. dxc5 $6 ({In
my opinion better is:} 12. Rd1 $11) 12... bxc5 {This move better than:} (12...
dxc5 13. Rd1 Qe7 14. Nc3 Rfd8 $11) ({or} 12... Nxc5 $6 13. Rd1 Qe7 $140 (13...
g5 14. Bg3 Nce4 15. f3 Nxg3 16. hxg3 Kg7 17. Nd4 $14) 14. Bxf6 $1 Qxf6 (14...
gxf6 $14) 15. b4 $1 $14 {[%csl Rd6]} (15. Rxd6 $4 Ne4 $19 {[%csl Rd6,Rf2]}))
13. Nc3 ({Another alternative is:} 13. Rd1 Qb6 (13... d5 $5 14. cxd5 exd5 15.
Bxf6 Qxf6 16. Nf4 {[%csl Rd5]} d4 (16... Nb6 $5) (16... Rab8 $5 {[%csl Rb2]})
17. Bb5 $13) 14. Nc3 d5 15. cxd5 exd5 16. Qd2 {[%csl Yd1,Yd2] /\Be2,0-0 with
equal game.}) 13... d5 14. O-O-O $6 {Again strategical blunder. Much better is:
} (14. Rd1 Qb6 {-transfer to 13.Rd1}) 14... Qb6 $15 15. Bg3 ({Can be
recommended:} 15. cxd5 exd5 16. Bd3 $15) 15... Bc6 $5 {[%cal Yc6a4] /\16...d4}
({Badly right away:} 15... d4 {because of:} 16. exd4 cxd4 17. Na4 {[%csl Rd4]})
16. f4 $6 {><e4;g4} ({Also dubious:} 16. f3 {in view of:} d4 17. exd4 cxd4 18.
Bf2 e5 $36) ({Probably better is:} 16. Bd3 d4 17. Ne4 Nxe4 18. Bxe4 Bxe4 19.
Qxe4 f5 20. Qc2 e5 $15) 16... Ng4 $1 {[%csl Re3]} ({Dubious:} 16... d4 $2 {
because of:} 17. exd4 cxd4 18. Bf2 {[%csl Rb6,Rd4]} Nc5 19. b4 (19. Bxd4 $4
Nb3+) 19... Qa6 {[%csl Ra3,Rc3]} 20. Bxd4 (20. Qa2 dxc3 21. Bxc5 Rfd8 $13)
20... Qxa3+ 21. Qb2 Nb3+ 22. Kc2 Nxd4+ 23. Rxd4 Qxb2+ 24. Kxb2 Rfd8 $11) 17.
Bf2 ({Very weakly:} 17. Qe2 {because of:} d4 18. exd4 cxd4 19. Qxg4 dxc3 $19) (
{After:} 17. Qd2 $6 Rab8 {[%csl Rb2,Yd2,Re3][%cal Gg4e3,Yd2b2,Yd2e3] black has
a strong initiative.}) 17... Ndf6 {With the idea:18...Nxf2 19.Qxf2 Ng4 and 20..
.d4|^} 18. Bg1 (18. h3 $143 Nxf2 19. Qxf2 Rfd8 {/\20...Rab8(קb2) and 21...d4-/
+}) 18... Rfd8 $5 19. h3 $140 Nxe3 $1 20. Bxe3 d4 {[%csl Rc3,Re3]} 21. Bd3 $2 (
{It is necessary:} 21. Bd2 dxc3 22. Bxc3 Rxd1+ 23. Qxd1 Ne4 $15) 21... dxe3 $17
22. Rde1 (22. Qe2 $2 Rab8 $19 {[%csl Rb2,Rg2]}) ({More stubborn resistance
after:} 22. Rhe1) 22... Nh5 $1 {[%csl Rf4]} 23. Rxe3 ({Loses right away:} 23.
Rhf1 Ng3 24. Rg1 Qc7 {[%csl Rf4]} 25. Rxe3 Qxf4 26. Rge1 Rd4 $19) ({and} 23. f5
Nf4 {[%csl Rd3,Ge3,Rg2]} 24. Rxe3 $140 Nxg2 25. Rg3 Ne3 $1 26. Rxe3 Bxh1 $19)
23... Nxf4 {[%csl Rg2]} 24. Bh7+ Kh8 25. Rf1 ({Slightly better is:} 25. Be4)
25... Nxg2 26. Rg3 Qc7 $19 {[%csl Rg3,Rh7][%cal Yc7f7]} 27. Ne2 Qe5 ({Also win:
} 27... f5) 28. Qc3 {[%csl Rg7]} (28. Rxf7 {is refuted by:} Ba4 $1 29. Qxa4 (
29. b3 Ne3 30. Qc3 Rd1+ 31. Kb2 Nxc4+ $1 32. bxc4 Rb8+ {[%csl Rb2,Re2] and
mate in 5 moves.}) 29... Qxe2 30. Rfxg7 (30. Rd3 Ne3 $19 {[%csl Rc1,Rd3,Rh7]
[%cal Ge2e1]}) 30... Qe1+ 31. Kc2 Ne3+ 32. Rxe3 (32. Kb3 Qd1+ {[%csl Ra4]})
32... Rd2+ 33. Kb3 Rb8+ 34. Ka2 Rbxb2#) ({Also loses:} 28. Rg1 Rab8 $1 29.
R3xg2 $140 Qe3+ 30. Kb1 Bxg2 31. Rxg2 Rd2 $19) 28... Qxc3+ 29. Nxc3 Kxh7 30.
Rxf7 Rg8 {[%csl Rg7,Yg8][%cal Yg8g7] The rest it is of no importance.} 31. Rc7
Rac8 32. Rgxg7+ Rxg7 33. Rxc8 Bf3 {Whole this game despite the white's
mistakes Judit Polgar conducted very strong.} 0-1

[Event "Pamplona"]
[Site "Pamplona"]
[Date "2000.01.03"]
[Round "7"]
[White "Illescas Cordoba, Miguel"]
[Black "Polgar, Judit"]
[Result "0-1"]
[WhiteElo "2600"]
[BlackElo "2671"]
[Annotator "Ribli"]
[PlyCount "86"]
[EventDate "1999.12.27"]
[EventType "tourn"]
[EventRounds "9"]
[EventCountry "ESP"]
[EventCategory "15"]
[Source "ChessBase"]
[SourceDate "2000.04.05"]

1. Nf3 c5 2. c4 Nc6 3. Nc3 e5 {Heutzutage genießt diese Zugfolge Popularität -
Schwarz wählt keine symmetrischen Stellungsbilder (4...Nf6), sondern strebt
originelle Stellung an, in denen sich taktische Chancen für ihn bieten. Ich
halte diesen Zug dennoch nicht für die beste Möglichkeit für Schwarz, weil er
das Feld d5 schwächt.} 4. e3 f5 5. d4 {Mit diesem logischen Zug kann Weiß das
Zentrum sprengen.} (5. Be2 e4 (5... Nf6) 6. Ng1 Nf6 7. d3 d5 8. cxd5 Nxd5 9.
Nxd5 Qxd5 10. dxe4 Qxd1+ (10... Qxe4 11. Nf3 Be7 $11) 11. Bxd1 fxe4 12. Ne2 Bf5
$6 (12... Nb4 $1 13. Ng3 b6 14. Nxe4 Bb7 $132) 13. Ng3 Bg6 14. Bd2 {1/2-1/2
Illescas Cordoba,M -Krasenkow,M/ Madrid 72/44 1998/[Krasenkow,M] (48)}) 5... e4
6. Ng1 {[%cal Gg1h3,Gh3f4] Der Springer zielt nach f4. Meiner persönlichen
Meinung nach lautet die prinzipielle Fortsetzung hier 6.d5.} (6. Nd2 d6 7. Nb3
Nf6 8. Be2 Be7 9. O-O O-O 10. f3 exf3 11. Bxf3 Bd7 12. Bd2 Re8 (12... Rb8 13.
Nd5 b5 14. cxb5 Rxb5 15. dxc5 dxc5 16. Bc3 Nb4 17. Nxf6+ Bxf6 18. Nxc5 {1-0
Gormally,D-Burnett,R/Coulsden 1999/EXT 2000 (28)}) 13. Nd5 cxd4 14. exd4 Nxd5
15. Bxd5+ Kh8 16. Bf7 Rf8 17. Qh5 Be8 18. Bxe8 Rxe8 19. Qxf5 {1/2-1/2 Pachman,
L-Hort,V/Hamburg 1980/MCD (40)}) (6. Ne5 Nxe5 7. dxe5 d6 8. exd6 Bxd6 9. b3 Be6
10. Bb2 Be5 11. Qc2 Nf6 12. Rd1 Qa5 13. Be2 O-O 14. O-O Rad8 15. h3 Rxd1 $2 16.
Rxd1 Rd8 17. Rxd8+ Qxd8 18. Nxe4 $1 Bxb2 19. Nxc5 Qa5 20. Nxe6 Qxa2 21. Qxf5
Qxb3 22. Ng5 {1-0 Velikov,P-Manolov,I/Elenite 1987/EXT 2000 (22)}) 6... cxd4 7.
exd4 Nf6 (7... Bb4) 8. Nh3 (8. d5 Ne5 9. Qd4 $5) 8... Bb4 (8... d5 9. Nf4 dxc4
10. Bxc4 Qxd4 (10... Nxd4 11. Be3 $44) 11. Qb3 $44) 9. Be2 b6 (9... d5 10. a3
Bxc3+ 11. bxc3 $14) 10. O-O Bxc3 (10... O-O) 11. bxc3 Ba6 12. Ba3 (12. Qa4 Na5
13. Nf4 Rc8 $15) 12... Qc7 $13 {Weiß verfügt über das Läuferpaar und eine
massive Zentrumsstellung. Doch auch Schwarz hat seine Chancen - der Pc4 ist
schwach, und der Nh3 steht passiv.} 13. Qd2 (13. f3 $5) (13. c5 Bxe2 14. Qxe2
bxc5 15. Bxc5 d6 $13) 13... Na5 14. Qg5 O-O-O $5 {Schwarz macht sich keine
Gedanken um die Verteidigung des Pg7, sondern opfert ihn.} 15. Qxg7 Ng4 16.
Bxg4 (16. g3 Bxc4 $15 {Schwarz übt fühlbar positionellen Druck auf den weißen
Feldern aus.}) 16... Rhg8 17. Qf6 (17. Qh6 Rxg4 $13) 17... fxg4 18. Nf4 Bxc4
19. Rfe1 $14 {[%csl Ga3,Gf4] Weiß besitzt das bessere Figurenspiel - sein Nf4
steht solide und der Ba3 hat große Wirkung auf der Diagonale a3-f8.} Rde8 (
19... d5 $2 20. Ne6 Qc6 21. Qf7 Rde8 22. Nf8 $18) 20. Bb4 (20. d5 $5 $14 {Nach
diesem Zug kann Schwarz nicht mehr den Befestigungszug 20...d5 ausführen.})
20... d5 21. g3 {Für alle Fälle befestigt Weiß die Stellung seines Nf4.} (21.
Qf5+ Qd7 22. Qxd7+ Kxd7 $15) 21... Nc6 22. a4 Nxb4 (22... a5 23. Ba3 $14 {
[%cal Ga1b1,Gb1b6]}) 23. cxb4 $13 {[%csl Gc4,Gf4] Die Stellung ist interessant
- beide Leichtfiguren stehen gut.} Rgf8 24. Qg5 Qd7 25. Rec1 $6 {[%cal Gc1c8]
Nach dieser Fortsetzung haengt zwar d5, aber da Schwarz ohnehin Kb7 ziehen
möchte, ist dieser Zug nicht besonders nützlich.} (25. a5 $5) 25... Kb7 26. a5
Qf5 27. Qxf5 Rxf5 28. axb6 axb6 $15 {Schwarz hat noch keine konkreten
Drohungen, aber seine Stellung scheint mir aktiver - der Pb4 ist eine
potentielle Schwäche (besonders nach Kc6-b5), und Schwarz kann sich auch am
Königsflügel mit h5-h4 etwas Initiative verschaffen.} 29. Ng2 {[%cal Gg2e3,
Ge3g4,Ge3f5,Ge3c4]} Ref8 30. Rc2 (30. Ne3 Rxf2 31. Nxc4 (31. Nxg4 Rb2 $17)
31... dxc4 32. Rxc4 e3 $17) 30... h5 31. Ne3 R5f7 32. Nxc4 dxc4 33. Re1 (33.
Rxc4 Rxf2 $36) 33... Kc6 $1 {Schwarz aktiviert den König - und der ist in
diesem Endspiel eine sehr starke Figur.} 34. Rxc4+ (34. Rxe4 Kd5 35. Re5+ Kxd4
36. Rxh5 Kd3 $17) 34... Kd5 35. Rc2 Rf3 {Schwarz hat mehr als ausreichende
Kompensation für den Bauern. Das Hauptproblem für Weiß ist die passive
Stellung seines Königs.} 36. Ree2 (36. Re3 Kxd4 $15) 36... Rb3 $17 37. Rc7 (37.
Rb2 Rff3 $17) 37... Rb1+ 38. Kg2 Ra8 {[%csl Rg2][%cal Ra8a1,Ra1g1] Plötzlich
schwebt der weiße König großer Gefahr. Ich sehe hier keine Verteidigung mehr
für Weiß.} 39. Rd7+ Kc6 40. Rh7 Raa1 $19 41. Rc2+ Kb5 42. Rxh5+ Kxb4 43. f3 Kb3
$1 {Der weiße König befindet sich im Mattnetz und der Rc2  findet kein gutes
Feld. Weiß gab in hoffnungsloser Stellung auf.} (43... Kb3 44. Rd2 (44. Rc6
Ra2+ $19) (44. Rf2 Rg1#) 44... exf3+ 45. Kf2 Kc3 $19 {[%csl Rd2]}) 0-1

[Event "Andorra m 5'"]
[Site "Andorra"]
[Date "2000.??.??"]
[Round "1"]
[White "De la Riva Aguado, Oscar"]
[Black "Polgar, Judit"]
[Result "0-1"]
[WhiteElo "2443"]
[BlackElo "2658"]
[PlyCount "102"]
[EventDate "2000.??.??"]
[EventType "match"]
[EventRounds "6"]
[EventCountry "AND"]
[Source "ChessBase"]
[SourceDate "2000.11.22"]

1. d4 Nf6 2. Bg5 Ne4 3. Bf4 c5 4. f3 Nf6 5. dxc5 Qa5+ 6. Nc3 Qxc5 7. e4 d6 8.
Qd2 Nc6 9. O-O-O Be6 10. Kb1 Rc8 11. Nge2 Bc4 12. Nc1 Bxf1 13. Rhxf1 Ne5 14.
Nd3 Nc4 15. Nxc5 Nxd2+ 16. Rxd2 Rxc5 17. Rfd1 Nd7 18. Be3 Rc6 19. Bxa7 b6 20.
a4 g5 21. a5 bxa5 22. Bd4 Rg8 23. Nd5 g4 24. f4 g3 25. h3 Bh6 26. Be3 e6 27.
Nc3 Ke7 28. Rd3 Rb8 29. Ne2 Nb6 30. Rb3 a4 31. Rb5 Bg7 32. Nxg3 a3 33. bxa3 Rc3
34. Rd3 Rbc8 35. Rxb6 Rxc2 36. Nf1 Re2 37. Bd2 Rxg2 38. Ne3 Rg1+ 39. Be1 Rxe1+
40. Nd1 Rxe4 41. Rbxd6 Rxf4 42. Ne3 Rb8+ 43. Kc2 Rb2+ 44. Kd1 h5 45. Rd7+ Kf6
46. R7d6 Rff2 47. Rd2 Rbxd2+ 48. Rxd2 Rxd2+ 49. Kxd2 Bh6 50. Kd3 Bxe3 51. Kxe3
Ke5 0-1

[Event "Andorra m 5'"]
[Site "Andorra"]
[Date "2000.??.??"]
[Round "3"]
[White "De la Riva Aguado, Oscar"]
[Black "Polgar, Judit"]
[Result "0-1"]
[WhiteElo "2443"]
[BlackElo "2658"]
[PlyCount "58"]
[EventDate "2000.??.??"]
[EventType "match"]
[EventRounds "6"]
[EventCountry "AND"]
[Source "ChessBase"]
[SourceDate "2000.11.22"]

1. d4 Nf6 2. Bg5 Ne4 3. Bf4 d5 4. e3 g6 5. c4 e6 6. Nc3 Bb4 7. Qc2 O-O 8. Bd3
Nf6 9. Nge2 Nc6 10. a3 dxc4 11. Bxc4 Bd6 12. Bg3 e5 13. Rd1 Qe8 14. O-O a6 15.
b4 Bf5 16. Qb3 b5 17. Bd5 e4 18. Bxd6 cxd6 19. Bxc6 Qxc6 20. d5 Qe8 21. Nd4 Bg4
22. Rc1 Qe5 23. h3 Bd7 24. Qd1 Qg5 25. Kh2 Rac8 26. f4 Qh4 27. Kg1 Bxh3 28.
gxh3 Qg3+ 29. Kh1 Qxh3+ 0-1

[Event "Andorra m 5'"]
[Site "Andorra"]
[Date "2000.??.??"]
[Round "5"]
[White "De la Riva Aguado, Oscar"]
[Black "Polgar, Judit"]
[Result "0-1"]
[WhiteElo "2443"]
[BlackElo "2658"]
[PlyCount "90"]
[EventDate "2000.??.??"]
[EventType "match"]
[EventRounds "6"]
[EventCountry "AND"]
[Source "ChessBase"]
[SourceDate "2000.11.22"]

1. d4 d6 2. e4 g6 3. Nc3 Bg7 4. g3 Nd7 5. Bg2 c5 6. Nge2 cxd4 7. Nxd4 Ngf6 8.
O-O O-O 9. a4 a6 10. h3 Qc7 11. Re1 e6 12. a5 Rb8 13. Nb3 Ne5 14. Na4 Nc4 15.
Bd2 Bd7 16. Bc3 e5 17. Bf1 Be6 18. Bb4 Rbd8 19. Bxc4 Bxc4 20. Nb6 Be6 21. Kh2
h5 22. c4 h4 23. g4 Qc6 24. Qd3 Bh6 25. Bd2 Bxd2 26. Nxd2 Qc5 27. Kg2 Kg7 28.
Ra4 Qc6 29. Ra3 Nh7 30. b4 f5 31. gxf5 Rxf5 32. Nd5 Rg5+ 33. Kh2 Rf8 34. Nf3
Rh5 35. Rg1 Qd7 36. Rg2 Bxh3 37. Nxe5 dxe5 38. Qxh3 Qxh3+ 39. Rxh3 Ng5 40. Re3
h3 41. Rgg3 Rxf2+ 42. Kh1 h2 43. Re1 Nxe4 44. Rg2 Rf3 45. Ne7 Ng3+ 0-1